U.S. States Closest to Tokyo - Statistics

General Stats
  • This quiz has been taken 61,279 times
  • The average score is 9 of 10
Answer Stats
mi state km % Correct
4901 California 7887
99%
4657 Washington 7494
98%
1987 Alaska 3198
97%
2478 Hawaii 3988
96%
4759 Oregon 7659
94%
5083 Nevada 8180
93%
4935 Idaho 7942
87%
4972 Montana 8002
87%
5333 Utah 8582
84%
5325 Wyoming 8570
78%
No matching quizzes found
Score Distribution
Percent of People with Each Score
Percentile by Number Answered
Your Score History
You have not taken this quiz